Boring postcards / (Record no. 352965)

000 -LEADER
fixed length control field 00823 a2200265 4500
003 - CONTROL NUMBER IDENTIFIER
control field OSt
005 - DATE AND TIME OF LATEST TRANSACTION
control field 20180116192352.0
008 - FIXED-LENGTH DATA ELEMENTS--GENERAL INFORMATION
fixed length control field 120605t xxu||||| |||| 00| 0 eng d
010 ## - LIBRARY OF CONGRESS CONTROL NUMBER
LC control number 00361270
020 ## - INTERNATIONAL STANDARD BOOK NUMBER
International Standard Book Number 0714838950
020 ## - INTERNATIONAL STANDARD BOOK NUMBER
International Standard Book Number 9780714843902
040 ## - CATALOGING SOURCE
Transcribing agency 0
082 ## - DEWEY DECIMAL CLASSIFICATION NUMBER
Classification number 741.683
100 ## - MAIN ENTRY--PERSONAL NAME
Personal name Parr, Martin
9 (RLIN) 3782
245 00 - TITLE STATEMENT
Title Boring postcards /
Statement of responsibility, etc. Martin Parr.
260 ## - PUBLICATION, DISTRIBUTION, ETC.
Place of publication, distribution, etc. [England] :
Name of publisher, distributor, etc. Phaidon,
Date of publication, distribution, etc. 1999.
300 ## - PHYSICAL DESCRIPTION
Extent 1 v. (unpaged) :
Other physical details col. ill. ;
Dimensions 16 x 21 cm.
500 ## - GENERAL NOTE
General note Cover title.
500 ## - GENERAL NOTE
General note "Collection Martin Parr"--Colophon.
650 10 - SUBJECT ADDED ENTRY--TOPICAL TERM
Topical term or geographic name entry element Postcards
Geographic subdivision Great Britain
General subdivision History
Chronological subdivision 20th century.
9 (RLIN) 3783
700 1# - ADDED ENTRY--PERSONAL NAME
Personal name Parr, Martin,
Dates associated with a name 1952-
9 (RLIN) 3784
710 2# - ADDED ENTRY--CORPORATE NAME
Corporate name or jurisdiction name as entry element Phaidon Press.
9 (RLIN) 3785
942 ## - ADDED ENTRY ELEMENTS (KOHA)
Institution code [OBSOLETE] SADA
Koha item type Book
Call number prefix 741.683 PAR 1999
Source of classification or shelving scheme
Holdings
Withdrawn status Lost status Source of classification or shelving scheme Damaged status Not for loan Permanent Location Current Location Date acquired Total Checkouts Full call number Barcode Date last seen Date last checked out Cost, replacement price Price effective from Koha item type
          School of Art Design and Architecture (SADA) School of Art Design and Architecture (SADA) 05/23/2011 1 741.683 PAR 1999 SADA0001076 03/26/2025 03/26/2025 760.00 08/05/2011 Book
© 2023 Central Library, National University of Sciences and Technology. All Rights Reserved.